Melaka di sini segalanya : (Record no. 4016)
[ view plain ]
| 000 -LEADER | |
|---|---|
| fixed length control field | nam a22 a 4500 |
| 003 - CONTROL NUMBER IDENTIFIER | |
| control field | AKMAL |
| 005 - DATE AND TIME OF LATEST TRANSACTION | |
| control field | 20170524155542.0 |
| 008 - FIXED-LENGTH DATA ELEMENTS--GENERAL INFORMATION | |
| fixed length control field | 170524s2005 my | e | f000 p may d |
| 040 ## - CATALOGING SOURCE | |
| Original cataloging agency | AKMAL |
| Transcribing agency | AKMAL |
| 082 04 - DEWEY DECIMAL CLASSIFICATION NUMBER | |
| Classification number | 899.231008 MEL |
| Edition number | 22 |
| 090 ## - LOCALLY ASSIGNED LC-TYPE CALL NUMBER (OCLC); LOCAL CALL NUMBER (RLIN) | |
| Classification number (OCLC) (R) ; Classification number, CALL (RLIN) (NR) | 899.231008 |
| Local cutter number (OCLC) ; Book number/undivided call number, CALL (RLIN) | MEL |
| 245 00 - TITLE STATEMENT | |
| Title | Melaka di sini segalanya : |
| Remainder of title | kumpulan puisi : 150 puisi pilihan Sayembara Puisi Melaka 2005 / |
| Statement of responsibility, etc. | penyelenggara Rusdi Abd. Rahman, Azura Mohd. Halid |
| 246 30 - VARYING FORM OF TITLE | |
| Title proper/short title | 150 puisi pilihan Sayembara Puisi Melaka 2005 |
| 246 3# - VARYING FORM OF TITLE | |
| Title proper/short title | Seratus lima puluh puisi pilihan Sayembara Puisi Melaka 2005 |
| 260 ## - PUBLICATION, DISTRIBUTION, ETC. | |
| Place of publication, distribution, etc. | Johor Bahru : |
| Name of publisher, distributor, etc. | Dewan Bahasa dan Pustaka Wilayah Selatan, |
| Date of publication, distribution, etc. | 2005 |
| 300 ## - PHYSICAL DESCRIPTION | |
| Extent | viii, 63ms. ; |
| Dimensions | 21cm. |
| 650 14 - SUBJECT ADDED ENTRY--TOPICAL TERM | |
| Topical term or geographic name entry element | Sajak |
| 9 (RLIN) | 7738 |
| 650 20 - SUBJECT ADDED ENTRY--TOPICAL TERM | |
| Topical term or geographic name entry element | Malay poetry |
| 9 (RLIN) | 7739 |
| 700 0# - ADDED ENTRY--PERSONAL NAME | |
| Personal name | Rusdi Abd. Rahman |
| 9 (RLIN) | 7874 |
| 700 0# - ADDED ENTRY--PERSONAL NAME | |
| Personal name | Azura Mohd. Halid |
| 9 (RLIN) | 7875 |
| 942 ## - ADDED ENTRY ELEMENTS (KOHA) | |
| Source of classification or shelving scheme | |
| Koha item type | Book |
| Withdrawn status | Lost status | Source of classification or shelving scheme | Damaged status | Not for loan | Collection code | Home library | Current library | Shelving location | Date acquired | Inventory number | Total Checkouts | Full call number | Barcode | Date last seen | Price effective from | Koha item type |
|---|---|---|---|---|---|---|---|---|---|---|---|---|---|---|---|---|
| FICTION | AKMAL Melaka | AKMAL Melaka | PINJAMAN | 24.05.2017 | 800581 | 899.231008 MEL | 201705111 | 24.05.2017 | 24.05.2017 | Book |
